Statistics for Spot the Difference - Africa Map

Click here to take the quiz!

General Stats

  • This quiz has been taken 109 times
    (85 since last reset)
  • The average score is 5 of 8

Answer Stats

Country % Correct
Egypt
93%
Nigeria
85%
Angola
78%
Somalia
72%
Libya
70%
Madagascar
60%
Zambia
57%
Cape Verde
27%

Score Distribution

Percentile by Number Answered

Percent of People with Each Score

Your Score History

You have not taken this quiz since the last reset